00304nam a22000977a 450000500170000000800410001702000150005804000080007324500510008126000740013220200903114439.0200903b ||||| |||| 00| 0 eng d a0026755823 cCML aSucceeding in the World of Work.cKimbrell, G. aUnited States of AmericabA Dividion of the Mcgraw-hill Companyc1970